000 00760nam a22002177a 4500
999 _c5698
_d5698
003 AR-CdUCM
008 190313b ||||| |||| 00| 0 spa d
040 _aMUNICIPALIDAD PROVINCIAL DEL CUSCO
_cBIBLIOTECA MUNICIPAL DEL CUSCO
082 _a300 /
_bM26
100 _aMar, Jose Matos
_916974
245 _aBibliografía Peruana de Ciencias Sociales /
260 _aLima :
_bCampodoni S.A. ,
_c1971.
300 _a453 páginas ;
_c22.5 cm.
505 _aContenido : Generalidades -- Cultura y Sociedad -- Economia -- Anexos -- Indices...
650 _aCiencias Sociales en el Perú
_916975
650 _aCiencias Sociales en General
_916976
650 _aCultura y Sociedad
_916977
700 _aRavines, Rogger
_916978
942 _2ddc
_cLIBROS
945 _artm